Music Quiz

Random Music or Bands Quiz

One-Word Band Names Quiz Stats

 Plays Quiz not verified by Sporcle

Challenge
Share
Tweet
Embed
Score 0/100 Timer 10:00
0 Plays Today
Albums Band % Correct
Toys in the Attic, Permanent Vacation, Get a GripAerosmith
75.3%
Bleach, Nevermind, In UteroNirvana
75.3%
Desperado, Hotel California, The Long RunEagles
74.5%
Kill 'Em All, Ride the Lightning, Master of PuppetsMetallica
74.5%
Sheer Heart Attack, A Night at the Opera, Hot SpaceQueen
73.2%
Pablo Honey, OK Computer, Kid ARadiohead
65.1%
Definitely Maybe, (What's the Story) Morning Glory?, Be Here NowOasis
62.6%
Parachutes, X&Y, Viva la VidaColdplay
60%
Overkill, Ace of Spades, OrgasmatronMotörhead
58.3%
Destroyer, Love Gun, DynastyKiss
57.4%
Fly by Night, 2112, Moving PicturesRush
54.9%
Wings of Tomorrow, The Final Countdown, Out of This WorldEurope
52.3%
Dreamboat Annie, Little Queen, BrigadeHeart
51.5%
Badmotorfinger, Superunknown, King AnimalSoundgarden
50.2%
Premonition, Eye of the Tiger, Caught in the GameSurvivor
48.9%
Infinity, Escape, Raised on RadioJourney
47.7%
Fragile, Close to the Edge, UnionYes
47.7%
Peace Sells, Countdown to Extinction, YouthanasiaMegadeth
47.2%
Don't Look Back, Third Stage, Walk OnBoston
46.8%
All Day Music, Deliver the Word, Why Can't We Be Friends?War
46%
Holy Diver, Lock Up the Wolves, Killing the DragonDio
44.7%
4, Agent Provocateur, Inside InformationForeigner
44.7%
Look What the Cat Dragged In, Flesh & Blood, Native TonguePoison
43%
The Grand Illusion, Pieces of Eight, CornerstoneStyx
42.6%
Disraeli Gears, Wheels of Fire, GoodbyeCream
42.1%
Trespass, Foxtrot, The Lamb Lies Down on BroadwayGenesis
42.1%
Parallel Lines, Autoamerican, PollinatorBlondie
41.7%
Wild Life, Red Rose Speedway, Band on the RunWings
40%
Leftoverture, Audio-Visions, Vinyl ConfessionsKansas
39.6%
Cowboys from Hell, Far Beyond Driven, The Great Southern TrendkillPantera
39.1%
Show No Mercy, Reign in Blood, South of HeavenSlayer
39.1%
Crime of the Century, Breakfast in America, Famous Last WordsSupertramp
37.9%
Undertow, Ænima, LateralusTool
37%
Dirty Rotten Filthy Stinking Rich, Cherry Pie, Dog Eat DogWarrant
37%
Albums Band % Correct
Parklife, Think Tank, The Magic WhipBlur
36.6%
(self-titled), II, IIIChicago
36.6%
Abraxas, Welcome, MoonflowerSantana
36.2%
(self-titled), Pinkerton, RaditudeWeezer
35.7%
My Own Prison, Human Clay, WeatheredCreed
33.2%
Follow the Leader, Life is Peachy, IssuesKorn
33.2%
Blackout, Love at First Sting, Savage AmusementScorpions
33.2%
Trouble, Slide It In, Slip of the TongueWhitesnake
33.2%
Operation: Mindcrime, Empire, Promised LandQueensryche
32.8%
Fistful of Metal, Persistence of Time, Sound of White NoiseAnthrax
32.3%
Sixteen Stone, Razorblade Suitcase, The Science of ThingsBush
31.9%
Shabooh Shoobah, The Swing, KickINXS
31.1%
Absolution, The Resistance, The 2nd LawMuse
28.9%
Exercises, Razamanaz, Hair of the DogNazareth
27.7%
Fashion Nugget, Prolonging the Magic, Comfort EagleCake
26.8%
Alpha, Astra, AquaAsia
26.4%
Curb, Silver Side Up, The Long RoadNickelback
26%
Out of the Cellar, Invasion of Your Privacy, DetonatorRatt
26%
Believe, Ten Thousand Fists, IndestructibleDisturbed
25.5%
Frizzle Fry, Sailing the Seas of Cheese, Pork SodaPrimus
25.5%
Mental Jewelry, Throwing Copper, Secret SamadhiLive
23%
Surfer Rosa, Doolittle, BossanovaPixies
23%
Herzeleid, Mutter, RosenrotRammstein
22.6%
40 Oz. to Freedom, Robbin' the Hood, (self-titled)Sublime
22.6%
Hydra, Turn Back, IsolationToto
21.7%
Breaking the Chains, Tooth and Nail, Beast from the EastDokken
19.1%
Fallen, The Open Door, (self-titled)Evanescence
18.7%
Rock and Roll, Energized, Fool for the CityFoghat
18.7%
S.C.I.E.N.C.E., Morning View, Light GrenadesIncubus
18.7%
The Reason, For(N)ever, Fight of FlightHoobastank
18.3%
Adrenaline, Around the Fur, White PonyDeftones
17.4%
(self-titled), Version 2.0, Strange Little BirdsGarbage
17.4%
Holiday, Hearts, Silent LetterAmerica
17%
Rising, Long Live Rock 'n' Roll, Down to EarthRainbow
17%
Albums Band % Correct
Night Songs, Long Cold Winter, Heartbreak StationCinderella
16.6%
Mr. Fantasy, (self-titled), Last ExitTraffic
16.6%
Walls of Jericho, Keeper of the Seven Keys Pt. 1, ChameleonHelloween
16.2%
(self-titled), Let's Go, Life Won't WaitRancid
15.7%
Get Lucky, Keep It Up, WildsideLoverboy
15.3%
World of Noise, Sparkle and Fade, Slow Motion DaydreamEverclear
14.9%
Awake, Faceless, The OracleGodsmack
14.9%
Twitch, Psalm 69, Dark Side of the SpoonMinistry
14.5%
(self-titled), Out of Exile, RevelationsAudioslave
14%
Bonded by Blood, Pleasures of the Flesh, Force of HabitExodus
14%
Walk Among Us, American Psycho, Static AgeMisfits
14%
The Legacy, Practice What You Preach, LowTestament
13.6%
On the Waters, Manna, Guitar ManBread
13.2%
Mechanical Resonance, Psychotic Supper, Bust a NutTesla
12.3%
The Last Command, Kill **** Die, HelldoradoW.A.S.P.
12.3%
Turn on the Bright Lights, Antics, El PintorInterpol
11.9%
Tons of Sobs, Fire and Water, HighwayFree
11.5%
Stick It to Ya, The Wild Life, Fear No EvilSlaughter
11.1%
No Dice, Straight Up, AirwavesBadfinger
10.6%
Tripping the Light Fantastic, A Place in the Sun, AtomicLit
10.6%
Tormented, Break the Cycle, The Illusion of ProgressStaind
10.6%
Orchid, Still Life, WatershedOpeth
9.8%
Strap It On, Meantime, BettyHelmet
9.4%
Gimme Fiction, Transference, Hot ThoughtsSpoon
9.4%
Rock & Roll Machine, Just a Game, Never SurrenderTriumph
9.4%
Lucy, Happy Pills, Into the SunCandlebox
7.7%
Every Good Boy Deserves Fudge, Piece of Cake, My Brother the CowMudhoney
7.7%
Rubberneck, Hell Below/Stars Above, FeelerToadies
7.2%
Mirage, The Snow Goose, BreathlessCamel
6.4%
Time Bomb, 15, ConfessionsBuckcherry
5.5%
(self-titled), Push Comes to Shove, Cut the CrapJackyl
4.3%
(self-titled), One Eighty, Road IslandAmbrosia
3.4%

You're not logged in!

Compare scores with friends on all Sporcle quizzes.
OR
Log In

You Might Also Like...

Show Comments

Extras

Top Quizzes Today


Score Distribution

Your Account Isn't Verified!

In order to create a playlist on Sporcle, you need to verify the email address you used during registration. Go to your Sporcle Settings to finish the process.

Report this User

Report this user for behavior that violates our Community Guidelines.

Details: